00477nam a22001577a 450000500170000001000150001702000260003203500140005803700130007208200060008510000210009124500930011226000380020527000550024330000210029820180502102311.0 aENG-122843 a9789386702197c299.00 aEN-106375 bDBAD/PUB aS aKipling, Rudyard aLessons for Mrs. Hayjsbee :cby Rudyard Kiplingbtales of passion, intrigue andscandal / aNew Delhi bSpeaking Tiger c2017 a4381/4, Ansari Road, Daryaganj,bNew Delhie110002 a225p.c21cm(pbk)